Promoting an culture of innovation and entrepreneurship (Record no. 518641)

000 -LEADER
fixed length control field 00997nam a22001457a 4500
008 - FIXED-LENGTH DATA ELEMENTS--GENERAL INFORMATION
fixed length control field 211005b ||||| |||| 00| 0 eng d
100 ## - MAIN ENTRY--PERSONAL NAME
Personal name Ramanan, R., Agrawal,S. and Rao, Mohit
245 ## - TITLE STATEMENT
Title Promoting an culture of innovation and entrepreneurship
260 ## - PUBLICATION, DISTRIBUTION, ETC. (IMPRINT)
Place of publication, distribution, etc Kurukshetra
300 ## - PHYSICAL DESCRIPTION
Dimensions 69(7), May, 2021: p.5-11
520 ## - SUMMARY, ETC.
Summary, etc It is a known fact that Indian scientists, thinkers, and innovators are well known across the world who have made several significant scientific discoveries. India is considered as one of the major scientific centres in the world which have excelled in the fields of mathematics, warfare, geometry, astronomy, medicine, space science, physics, chemistry, botany, etc. The world is changing at a rapid pace. Radical technological advancements are transforming the world and giving rise to new technology and business innovations at an exponential rate. – Reproduced
773 ## - HOST ITEM ENTRY
Main entry heading Kurukshetra
906 ## - LOCAL DATA ELEMENT F, LDF (RLIN)
Subject DIP TECHNOLOGICAL INNOVATIONS - INDIA
942 ## - ADDED ENTRY ELEMENTS (KOHA)
Item type Articles
Holdings
Withdrawn status Lost status Source of classification or shelving scheme Damaged status Not for loan Permanent location Current location Date acquired Serial Enumeration / chronology Barcode Date last seen Koha item type
          Indian Institute of Public Administration Indian Institute of Public Administration 2021-10-05 69(7), May, 2021: p.5-11 AR125750 2021-10-05 Articles

Powered by Koha